000 00318nam a22001457a 4500
008 230831b ||||| |||| 00| 0 eng d
020 _a9780521217849
041 _aeng
080 _a610.73
082 _a610.73JMZ
100 _a6
101 _aINF
245 _aMODELS OF DISORDER
_cJ.M.Z.ZIMAN
942 _2udc
_cBK
999 _c60215
_d60215